000 00342 a2200157 4500
001 49894
020 _a9788566033380
040 _cAnchieta - Bela Vista
100 _aTorquato, Ana Neila
240 1 0 _aPé de moeda
_lpor
245 1 0 _aPé de moeda
300 _a20
362 0 _a2018
650 4 _aLiteratura infanto-juvenil
942 _cBK
999 _c49894
_d49894